000 00418nam a2200181Ia 4500
003 OSt
005 20260113162633.0
008 221004b |||||||| |||| 00| 0 eng d
037 _cTB
040 _aAL
_cAL
_beng
041 _2eng
_aeng
084 _qAL
100 _aZianddin
_9625893
245 0 _aAsalib nasar par ek nazar
365 _a75.00
_bINR
942 _cTB
_2CC
_n0
999 _c1031169
_d1031169